| 000 | 00775 a2200301 4500 | ||
|---|---|---|---|
| 005 | 20250814094218.0 | ||
| 008 | 250814b |||||||| |||| 00| 0 eng d | ||
| 044 | _aCIV | ||
| 090 | _bDG/N/3087 | ||
| 100 | _aKONAN, Konan Jean Louis | ||
| 100 | _aN'CHO, Yavoh Pierre | ||
| 100 | _aROLAND, Bourdeix | ||
| 110 | _aCentre National de Recherche Agronomique | ||
| 110 | _bCote d'Ivoire | ||
| 245 | _aCocotier : guide des varietes traditionnelles et ameliorees | ||
| 250 | _aDiversiflora | ||
| 260 | _aCote d'Ivoire | ||
| 260 | _bCNRA | ||
| 260 | _bCIRAD | ||
| 302 | _a104 p. | ||
| 388 | _a2025-08-14 | ||
| 650 |
_2AGROVOC _gCote d'Ivoire |
||
| 650 | _gCocotier | ||
| 650 | _gGuide | ||
| 650 | _gVariete | ||
| 650 | _gTraditionnelle | ||
| 650 | _gAmelioration | ||
| 999 |
_c5964 _d5964 |
||